Sintaxis latina / (Record no. 30307)

MARC details
000 -LEADER
campo de control de longitud fija 00615nam a2200193 i 4500
001 - NÚMERO DE CONTROL
campo de control 30307
003 - IDENTIFICADOR DE NÚMERO DE CONTROL
campo de control ES-MaACL
005 - FECHA Y HORA DE LA ÚLTIMA TRANSACCIÓN
campo de control 20230906154155.0
007 - CAMPO FIJO DE DESCRIPCIÓN FÍSICA--INFORMACIÓN GENERAL
campo de control de longitud fija t|
008 - DATOS DE LONGITUD FIJA--INFORMACIÓN GENERAL
campo de control de longitud fija 030124s1956 sp ||||1| spa d
100 1# - ENTRADA PRINCIPAL--NOMBRE DE PERSONA
Nombre de persona Bassols de Climent, Mariano.
9 (RLIN) 26336
245 10 - MENCIÓN DEL TÍTULO
Título Sintaxis latina /
Mención de responsabilidad, etc. por Mariano Bassols de Climent.
260 ## - PUBLICACIÓN, DISTRIBUCIÓN, ETC.
Lugar de publicación, distribución, etc. Madrid :
Nombre del editor, distribuidor, etc. Consejo Superior de Investigaciones Científicas,
Fecha de publicación, distribución, etc. 1956 (
Fabricante C. Bermejo)
300 ## - DESCRIPCIÓN FÍSICA
Extensión 2 v. ;
Dimensiones 22 cm.
490 1# - MENCIÓN DE SERIE
Mención de serie Enciclopedia clásica ;
Designación de volumen o secuencia 3
830 0# - PUNTO DE ACCESO ADICIONAL DE SERIE-TÍTULO UNIFORME
Título uniforme Enciclopedia clásica ;
Designación de volumen o secuencia 3
9 (RLIN) 181334
852 ## - LOCALIZACIÓN
Ubicación ES-MaACL
Número de control de estantería C-15416-7
Sublocalización o colección R.43605
Holdings
Estatus retirado Estado de pérdida Estado de daño No para préstamo Biblioteca de origen Biblioteca actual Ubicación en estantería Fecha de adquisición Fuente de adquisición Total de préstamos Signatura topográfica completa Código de barras Visto por última vez Precio de reemplazo Tipo de ítem Koha
        Biblioteca del Ateneo de Madrid Biblioteca del Ateneo de Madrid Ficheros 17/01/2008     C-15416-7 1031287 23/02/2023 23/02/2023 Libro impreso